Loading...
| Science - Biology | 0 | 8 | 1 | 0 | 75 | 28 | 81.50 | 0 | 6 | 0.00 | 0.00 |
| Science - Chemistry | 0 | 5 | 3 | 0 | 35 | 57 | 78.00 | 0 | 3 | 0.00 | 0.00 |
| Social Science | 0 | 2 | 0 | 0 | 20 | 52 | 68.50 | 1 | 2 | 0.00 | 0.00 |
| Literature - British | 0 | 2 | 0 | 0 | 20 | 65 | 91.50 | 1 | 2 | 0.00 | 0.00 |
| Other Academic | 0 | 1 | 0 | 0 | 10 | 71 | 71.00 | 0 | 1 | 0.00 | 0.00 |
| Religion | 0 | 1 | 0 | 0 | 10 | 108 | 108.00 | 1 | 1 | 0.00 | 0.00 |
| Fine Arts - Classical Music | 0 | 1 | 0 | 0 | 10 | 98 | 98.00 | 0 | 1 | 0.00 | 0.00 |
| History - American | 0 | 1 | 0 | 0 | 10 | 102 | 102.00 | 0 | 0 | 0.00 | 0.00 |
| History - Other | 0 | 2 | 2 | 0 | 10 | 85 | 88.00 | 0 | 1 | 0.00 | 0.00 |
| Literature - World | 0 | 1 | 0 | 0 | 10 | 113 | 113.00 | 1 | 1 | 0.00 | 0.00 |
| Science - Other | 0 | 3 | 4 | 0 | 10 | 78 | 95.67 | 0 | 2 | 0.00 | 0.00 |
| Science - Physics | 0 | 2 | 2 | 0 | 10 | 73 | 104.00 | 1 | 2 | 0.00 | 0.00 |
| Mythology | 0 | 1 | 2 | 1 | 0 | 143 | 143.00 | 0 | 0 | 0.00 | 0.00 |
| Literature - American | 0 | 1 | 2 | 0 | 0 | 109 | 109.00 | 1 | 1 | 0.00 | 0.00 |
| Fine Arts - Painting and Sculpture | 0 | 0 | 1 | 0 | -5 | 0.00 | 0 | 0 | 0.00 | 0.00 |